| 000 -LEADER |
| fixed length control field |
01120nam a22002177a 4500 |
| 003 - CONTROL NUMBER IDENTIFIER |
| control field |
OSt |
| 005 - DATE AND TIME OF LATEST TRANSACTION |
| control field |
20260122192047.0 |
| 008 - FIXED-LENGTH DATA ELEMENTS--GENERAL INFORMATION |
| fixed length control field |
230226b ||||| |||| 00| 0 eng d |
| 040 ## - CATALOGING SOURCE |
| Transcribing agency |
Ost |
| 041 ## - LANGUAGE CODE |
| Language code of text/sound track or separate title |
Shan |
| 082 ## - DEWEY DECIMAL CLASSIFICATION NUMBER |
| Classification number |
375 |
| 100 ## - MAIN ENTRY--PERSONAL NAME |
| Personal name |
ၸိုၼ်ႈၵွၼ်းလႆး (ၸႆးမၼ်ၼွၵ်) |
| 245 ## - TITLE STATEMENT |
| Title |
ဢဝ်လႆးမိုဝ်လိဝ်ႁိၺ်းလိၵ်တႆးမိုဝ်ၼႆႉ (မသံတုဝ်) |
| Statement of responsibility, etc. |
ၸိုၼ်ၵွၼ်းလႆး (ၸႆးမၼ်ၼွၵ်) |
| 260 ## - PUBLICATION, DISTRIBUTION, ETC. |
| Place of publication, distribution, etc. |
တႃႈၵုင်ႈ |
| Name of publisher, distributor, etc. |
ပလႄးၸႃႇပေႇတၢႆႉ |
| Date of publication, distribution, etc. |
1968 |
| 300 ## - PHYSICAL DESCRIPTION |
| Extent |
80 ၼႃႈ |
| Other physical details |
ႁၢင်ႈ |
| Dimensions |
18 ၸိၼ်ႇထီႇ |
| 500 ## - GENERAL NOTE |
| General note |
S-SAT: Dr. Prof Sai Aung Tun |
|
| General note |
ဢဝ်လိၵ်ႈတႆးၵဝ်ႇတႅမ်ႈဝႆႉ၊ ပဵၼ်ပပ်ႉၶွင်တွၵ်ႉတိူဝ်ႇၸၢႆးဢွင်ႇထုၼ်း၊ ပဵၼ်ပပ်ႉၸဝ်ႈတႃႇၼႁင်းၶေႃ |
| 650 ## - SUBJECT ADDED ENTRY--TOPICAL TERM |
| Topical term or geographic name entry element |
ပပ်ႉၵၢၼ်ႁဵၼ်း |
| 942 ## - ADDED ENTRY ELEMENTS (KOHA) |
| Koha item type |
Book (Short term) |
| 100 ## - MAIN ENTRY--PERSONAL NAME |
| 9 (RLIN) |
20665 |
| 650 ## - SUBJECT ADDED ENTRY--TOPICAL TERM |
| 9 (RLIN) |
7196 |
|
| Source of classification or shelving scheme |
|